006940000a22001930004500090001300000245016200013260000900175044001300184041001400197690002200211690003100233690002500264651003900289700004100328100004900369942001300418773005200431999001700483 aSeriadas10aCriterios para definir un plan de manejo que lleve a un desarrollo sostenible del ecoturismo en el Santuario de Fauna y Flora de Iguaque (Boyacá- Colombia) c2005 aColombia0 aEspañol aEcoturismo992485 aDesarrollo sostenible9278 aAreas protegidas978 4dBoyacálLaguna de Iguaque9927491 aPuertas Dellepianes, Ernesto91005901 aGutierrez Fernández, Luis Fernando9100591 cARTICULO1 tAmbiente y desarrolloh15/16q99-117d2004/2005 c16319d16319